000 00288nam a2200121Ia 4500
008 240624s9999 xx 000 0 und d
041 _aeng
082 _a413 OXF
100 _aOXFORD
245 _aOXFORD LEARNER S DICTIONARY OF ACADEMIC
260 _c2014
_aOxford
_bOxford
365 _cRS
999 _c31390
_d31390